000
00314nam a22001337a 4500
003
SGT
020
_a
9788195562817
082
_a
155,SIN
100
_a
SINGH, ANKITA
245
_a
LIFE SPAN DEVELOPMENT PSYCHOLPGY
260
_a
JAIPUR
_b
AAVISHKAR PUBLISHERS DISTRIBUTORS
_c
2022
300
_a
294
942
_2
ddc
_c
BK
999
_c
33923
_d
33923